Robert Ludlum's The Treadstone resurrection. #1 / ... Read More
Available copies
- 1 of 1 copy available at LARL/NWRL Consortium.
- 1 of 1 copy available at Lake Agassiz Regional Library. (Show preferred library)
Current holds
0 current holds with 1 total copy.
View other formats and editions
Show Only Available Copies
| Location | Call Number / Copy Notes | Barcode | Shelving Location | Status | Due Date |
|---|---|---|---|---|---|
| Detroit Lakes Public Library | HOO (Text) | 33500013210216 | Main | Available | - |
Record details
- ISBN: 9780525542551
- ISBN: 0525542558
- Physical Description: 375 pages ; 24 cm
- Publisher: New York : G.P. Putnam's Sons, [2020].
- Copyright: ©2019
Content descriptions
| Summary, etc.: | "The first novel in an explosive new series ... Read More |
Search for related items by subject
| Subject: | United States. Central Intelligence Agency > Fiction. Assassins > Fiction. |
| Genre: | Adventure fiction. Suspense fiction. Spy fiction. Action and adventure fiction. Thrillers (Fiction) |
Search for related items by series
| LDR | 01653cam a22004218i 4500 | ||
|---|---|---|---|
| 001 | 315263 | ||
| 003 | LARL_NWRL_CONSORTIUM | ||
| 005 | 20200220183521.0 | ||
| 008 | 190826t20202019nyu 000 1 eng | ||
| 010 | . | ‡a 2019036505 | |
| 040 | . | ‡aDLC ‡beng ‡erda ‡cDLC ‡dRIOSL ‡dIK2 | |
| 020 | . | ‡a9780525542551 ‡q(hardcover) | |
| 020 | . | ‡a0525542558 ‡q(hardcover) | |
| 020 | . | ‡z9780525542568 ‡q(ebook) | |
| 035 | . | ‡a(OCoLC)1114273184 | |
| 042 | . | ‡apcc | |
| 082 | 0 | 0. | ‡a813/.6 ‡223 |
| 100 | 1 | . | ‡aHood, Joshua, ‡eauthor. ‡0(LARL_NWRL_CONSORTIUM)223921 |
| 245 | 1 | 0. | ‡aRobert Ludlum's The Treadstone resurrection. ‡n#1 / ‡cJoshua Hood. |
| 246 | 3 | 0. | ‡aTreadstone resurrection |
| 264 | 1. | ‡aNew York : ‡bG.P. Putnam's Sons, ‡c[2020]. | |
| 264 | 4. | ‡c©2019 | |
| 300 | . | ‡a375 pages ; ‡c24 cm | |
| 336 | . | ‡atext ‡btxt ‡2rdacontent | |
| 337 | . | ‡aunmediated ‡bn ‡2rdamedia | |
| 338 | . | ‡avolume ‡bnc ‡2rdacarrier | |
| 490 | 0 | . | ‡aTreadstone ; ‡v1 |
| 520 | . | ‡a"The first novel in an explosive new series inspired by Robert Ludlum's Bourne universe, The Treadstone Resurrection introduces an unforgettable hero and the shadowy world that forged him.."-- ‡cProvided by publisher. | |
| 610 | 1 | 0. | ‡aUnited States. ‡bCentral Intelligence Agency ‡vFiction. |
| 650 | 0. | ‡aAssassins ‡vFiction. ‡0(LARL_NWRL_CONSORTIUM)163322 | |
| 655 | 7. | ‡aAdventure fiction. ‡2gsafd | |
| 655 | 7. | ‡aSuspense fiction. ‡2gsafd | |
| 655 | 7. | ‡aSpy fiction. ‡2lcgft | |
| 655 | 7. | ‡aAction and adventure fiction. ‡2lcgft | |
| 655 | 7. | ‡aThrillers (Fiction) ‡2lcgft | |
| 776 | 0 | 8. | ‡iOnline version: ‡aHood, Joshua, ‡tRobert Ludlum's the Treadstone resurrection ‡dNew York : G.P. Putnam's Sons, 2020. ‡z9780525542568 ‡w(DLC) 2019036506 |
| 901 | . | ‡a315263 ‡bOCoLC ‡c315263 ‡tbiblio ‡soclc | |

Add to basket
Permalink
Enable Highlighting